| 000 | 00469nam a2200193Ia 4500 | ||
|---|---|---|---|
| 003 | GCL | ||
| 008 | 140319s9999 xx 000 0 eng d | ||
| 040 |
_aGCL / _cGCL |
||
| 082 | 0 | 4 |
_a636.5 _bJ P |
| 100 | 1 | _aJORDAN, F.T.W. | |
| 245 | 1 | 0 |
_aPOULTRY DISEASES / _cJORDAN, F.T.W. |
| 260 |
_a[S.N] : _bELBS ، _c1990 |
||
| 300 | _a497 P | ||
| 650 | 0 | 4 | _aVETERINARY |
| 650 | 0 | 4 | _aPOULTRY |
| 650 | 0 | 4 | _aPOULTRY - DISEASES |
| 650 | 0 | 4 | _aCHICKEN, DISEASES |
| 942 |
_2ddc _cBK |
||
| 999 |
_c19961 _d19961 |
||